Impact of some social, demographic and economic phenomena on sustainability of pension systems in the Arabic world

One of the PhD workshops within the Faculty for Economics of the Szeged University designated a series of studies to the problem of aging societies, with a special focus on pension system challenges. The author of this article started participating in this work when the majority of the publication w...

Teljes leírás

Elmentve itt :
Bibliográfiai részletek
Szerző: Kárpáti József
Dokumentumtípus: Könyv része
Megjelent: 2010
Sorozat:Proceedings of the Challenges for Analysis of the Economy, the Businesses, and Social Progress : International Scientific Conference Szeged, November 19-21, 2009
Kulcsszavak:Nyugdíjrendszer - Arab világ, Nők jogai - Arab világ
Online Access:http://acta.bibl.u-szeged.hu/57853
LEADER 01666naa a2200193 i 4500
001 acta57853
005 20260224081030.0
008 190426s2010 hu o 100 eng d
020 |a 978-963-06-9558-9 
040 |a SZTE Egyetemi Kiadványok Repozitórium  |b hun 
041 |a eng 
100 1 |a Kárpáti József 
245 1 0 |a Impact of some social, demographic and economic phenomena on sustainability of pension systems in the Arabic world  |h [elektronikus dokumentum] /  |c  Kárpáti József 
260 |c 2010 
300 |a 991-1011 
490 0 |a Proceedings of the Challenges for Analysis of the Economy, the Businesses, and Social Progress : International Scientific Conference Szeged, November 19-21, 2009 
520 3 |a One of the PhD workshops within the Faculty for Economics of the Szeged University designated a series of studies to the problem of aging societies, with a special focus on pension system challenges. The author of this article started participating in this work when the majority of the publication was already edited, so the recently published book of studies (Botos 2009) did contain analyses of pension issues in the EU context, then Germany, Post communist countries, Russia, China and India but the entire Arabic world was missing. This article tries to keep up with the very qualitative series of studies on this issue, introducing a territory that has a very different social, demographic and economic background compared to the other parts of the world. 
695 |a Nyugdíjrendszer - Arab világ, Nők jogai - Arab világ 
856 4 0 |u http://acta.bibl.u-szeged.hu/57853/1/proceedings_of_the_challenges_for_analysis_0991-1011.pdf  |z Dokumentum-elérés